000
00293nam a22001337a 4500
008
171018b xxu||||| |||| 00| 0 eng d
020
_a
9781890367398
041
_a
eng
080
_2
3RD
_a
338
100
_a
53
101
_a
MEN
245
_a
RISK MANAGEMENT
_c
PRITCHARD,C.L
942
_2
udc
_c
BK
999
_c
34616
_d
34616